Statistics for Carolina Panthers: Pro Bowl Selections

Click here to take the quiz!

General Stats

  • This quiz has been taken 72 times
    (56 since last reset)
  • The average score is 16 of 37

Answer Stats

PositionAmount of SelectionsPlayer% Correct
QB3Cam Newton
100%
TE3Greg Olsen
95%
WR5Steve Smith
92%
LB7Luke Kuechly
86%
RB1Jonathan Stewart
81%
DE5Julius Peppers
81%
CB1Eric Davis
78%
LB3Thomas Davis
78%
RB1DeAngelo Williams
78%
RB1Stephen Davis
78%
QB1Jake Delhomme
76%
RB1Christian McCaffrey
73%
K1Graham Gano
68%
CB1Josh Norman
62%
DT2Kawann Short
49%
WR2Muhsin Muhammad
46%
G5Trai Turner
41%
C5Ryan Kalil
41%
QB1Steve Beuerlein
38%
T3Jordan Gross
38%
TE5Wesley Walls
30%
QB1Kerry Collins
30%
K1John Kasay
27%
RB3Mike Tolbert
22%
LB3Jon Beason
22%
LB2Kevin Greene
22%
DT3Kris Jenkins
19%
LB1Sam Mills
19%
DE1Mike Rucker
16%
DE1Greg Hardy
14%
LB1Lamar Lathon
11%
LB1Dan Morgan
8%
C1J.J. Jansen
5%
LB1Mark Fields
5%
G1Mike Wahle
5%
RB5Michael Bates
5%
P3Todd Sauerbrun
5%

Score Distribution

Percentile by Number Answered

Percent of People with Each Score

Your Score History

You have not taken this quiz since the last reset